000 00963 a2200205 4500
001 3871
005 20260407155431.0
008 260407a1970 arg spa d
003 AR-UNSa-BCEJYS
040 _aAR-UNSa-BCEJYS
_bspa
_cAR-UNSa-BCEJYS
080 _a347.931
_xEscritos procesales. Forma, redacción, formalidades escritas
245 1 0 _aManual práctico de actuación ante la justicia
_pescritos y contratos
250 _a3a. ed.
264 1 _aBuenos Aires :
_bAbeledo Perrot
_c1970
300 _a2 v.
_c23 cm.
505 _aVol. I: 1. Actuación ante la justicia de primera instancia - 2. El juicio sumario -- Vol. II: 3. Procesos sumario y sumarísimo - 4. Procesos especiales - 5. Intervención de terceros - 6. Los recursos - 7. Actuación en segunda instancia - 8. Actuación ante la justicia nacional del trabajo - 9. Los contratos y actos de uso mas frecuente
942 _cBK
590 _aniveau_biblio:m niveau_hierar:0
100 1 _aJöld, Carlos
999 _c380
_d380